| 000 | 01194cam a2200205 4500 | ||
|---|---|---|---|
| 001 | J114280 | ||
| 008 | #DATE n2002 000 0 eng u | ||
| 035 | _a(Sirsi) u114280 | ||
| 041 | _aeng | ||
| 050 | _a346.4104342 | ||
| 110 |
_aUnited Kingdom _bOffice of the Deputy Prime Minister |
||
| 245 |
_aLetting rooms in your home _ba guide for resident landlords |
||
| 260 |
_aLondon _bODPM _c2002 |
||
| 520 | _aGovernment guidance for people intending to let part of their home. Those letting another building other than the one they live shoud read "Assured and assured shorthold tenancies a guide for landlords" (J114279) if the letting began on or after 15 January 1989; or "Regulated tenancies" (J125708) if it began before this date. Explains what should be considered before letting and what legal rights tenants have. View the guidance and related booklets at www.dclg.gov.uk | ||
| 650 | _aRESIDENTIAL LETTINGS | ||
| 650 | _aRESIDENT LANDLORDS | ||
| 690 | _aPROPERTY-RESIDENTIAL PROPERTY-RESIDENTIAL LANDLORD AND TENANT-RESIDENTIAL TENANCIES | ||
| 856 |
_uhttps://www.communities.gov.uk/index.asp?id=1151937 _zView the guide and related booklets on the DCLG website... |
||
| 942 | _n0 | ||
| 999 |
_c101597 _d101597 |
||